Текст томруулах:    
Managing high-technology programs and projects (Бичлэгийн дугаар. 145586)
000 -УДИРДЛАГА
Удирдлага 00861nam a22002897a 4500
003 - ХЯНАЛТЫН ТОО ТОДОРХОЙЛОГЧ
Код MN-UlNUM
005 - БИЧИЛТ ХИЙСЭН ОГНОО
Тухайн бичилтийг бичсэн засварласан сүүлийн огноо 20251113161408.0
008 - ЕРӨНХИЙ МЭДЭЭЛЭЛ
Ерөнхий мэдээлэл 251113s2003 nyuab||| |||| 001 0 eng |
020 ## - ISBN
ISBN 0471265578
040 ## - БИЧЛЭГ ҮҮСГЭГЧ БАЙГУУЛЛАГА
Бичлэг үүсгэгч номын сангийн код МУИС-ийн номын сан
084 ## - ББК АНГИЛАЛ
Нэмэлт тусгалт Нэг сэдэвт бүтээл
ББК ангилал 65.290-2
Зохиогчийн гурван тэмдэгт A 71
Мэдлэгийн ялгаа 65 - Эдийн засаг
100 1# - ЗОХИОГЧ
Зохиогчийн нэр Archibald, Russell D.
245 10 - ҮНДСЭН ГАРЧИГ
Номын нэр Managing high-technology programs and projects
Оролцогчдын тухай мэдээ Russell D. Archibald.
250 ## - ДАХИН ХЭВЛЭЛТ
Дахин гаралтын дугаар 3rd ed.
260 ## - ГАРАЛТЫН МЭДЭЭ
Хэвлэгдсэн газар New York :
Хэвлэлийн газар Wiley,
Хэвлэгдсэн он 2003.
300 ## - МАТЕРИАЛЫН ТОДОРХОЙЛОЛТ
хуудасны тоо xv, 396 p. :
Бусад тоон мэдээлэл ill. ;
Хэмжээ 24 cm.
500 ## - Тайлбар
Дансны дугаар БС 2100
546 ## - ХЭЛНИЙ ТУХАЙ МЭДЭЭ
Хэл Англи хэл дээр,
653 ## - Түлхүүр үг
Түлхүүр үг project management
653 ## - Түлхүүр үг
Түлхүүр үг high technology.
740 ## - НОМЫН ГАРЧИГ
Гарчиг Executive Overview of Project Management
740 ## - НОМЫН ГАРЧИГ
Гарчиг Programs and Projects
740 ## - НОМЫН ГАРЧИГ
Гарчиг Improving Project Management Capabilities
740 ## - НОМЫН ГАРЧИГ
Гарчиг Interqrative Roles in Project Management
942 ## - ЭЛЕМЕНТИЙН ТӨРӨЛ
Зүйлийн төрөл Ном